[Event "BRA-ch Regional Sul"]
[Site "Lages"]
[Date "2019.10.18"]
[Round "2"]
[White "Melo, Sergio Roberto Samp"]
[Black "Ramos, Beny Irwing Pankiew"]
[Result "1-0"]
[WhiteElo "1713"]
[BlackElo "1643"]
[PlyCount "36"]
[EventDate "2019.10.18"]
[EventType "swiss"]
[EventRounds "5"]
[EventCountry "BRA"]
[SourceTitle "CBM 195 Extra"]
[Source "ChessBase"]
[SourceDate "2020.05.31"]
[SourceVersion "1"]
[SourceVersionDate "2020.05.31"]
[SourceQuality "1"]

1. Nf3 g6 2. c4 Bg7 3. Nc3 Nf6 4. g3 0-0 5. Bg2 d6 6. 0-0 Nbd7 7. Qc2 e5 8. d3 Nc5 9. b4 Ne6 10. Bb2 Nh5 11. e4 f5 12. Rac1 Bh6 13. Rce1 g5 14. exf5 Nd4 15. Nxd4 exd4 16. Ne2 c5 17. g4 Nf6 18. h3 Bg7 1-0

[Event "BRA-ch Amateur U1800"]
[Site "Sao Paulo"]
[Date "2019.06.20"]
[Round "1"]
[White "Soares, Gustavo Henrique"]
[Black "Ramos, Beny Irwing Pankiew"]
[Result "1-0"]
[WhiteElo "1799"]
[BlackElo "1654"]
[PlyCount "123"]
[EventDate "2019.06.20"]
[EventType "swiss"]
[EventRounds "7"]
[EventCountry "BRA"]
[SourceTitle "CBM 195 Extra"]
[Source "ChessBase"]
[SourceDate "2020.05.31"]
[SourceVersion "1"]
[SourceVersionDate "2020.05.31"]
[SourceQuality "1"]

1. d4 Nf6 2. Bg5 g6 3. Bxf6 exf6 4. e3 Bg7 5. g3 d5 6. Bg2 0-0 7. Ne2 c6 8. Nd2 Bg4 9. 0-0 Re8 10. Re1 Nd7 11. c4 dxc4 12. Nxc4 Nb6 13. Nxb6 Qxb6 14. Qd2 Rad8 15. b4 Bh6 16. Nf4 Be6 17. Qc3 Bxf4 18. gxf4 Bd5 19. e4 Be6 20. d5 Bd7 21. Qxf6 Qxb4 22. Reb1 Qc5 23. Rxb7 cxd5 24. exd5 Re7 25. d6 Ree8 26. Rc7 Qb6 27. Bc6 Qxc6 28. Rxc6 Bxc6 29. Rc1 Bd5 30. f3 Be6 31. Qd4 Rd7 32. Rc7 Red8 33. Rxd7 Rxd7 34. a3 Bf5 35. Kf2 Be6 36. Ke3 Rb7 37. Qa4 Rd7 38. Qa6 h5 39. h4 Kg7 40. Qc6 Kf8 41. Ke4 Kg7 42. Kd4 f6 43. Kc5 g5 44. fxg5 fxg5 45. hxg5 Kg6 46. Qe4+ Bf5 47. Qf4 h4 48. Qxh4 Rh7 49. Qxh7+ Kxh7 50. Kc6 Kg6 51. d7 Bxd7+ 52. Kxd7 Kxg5 53. Kc6 a5 54. a4 Kf4 55. Kb5 Kxf3 56. Kxa5 Ke4 57. Kb6 Kd5 58. a5 Kd6 59. a6 Kd7 60. Kb7 Kd8 61. a7 Kd7 62. a8Q 1-0

[Event "Parana-ch"]
[Site "Curitiba"]
[Date "2018.11.23"]
[Round "3"]
[White "Caetano, Hugo Zanotti Mendon"]
[Black "Ramos, Beny Irwing Pankiew"]
[Result "1-0"]
[WhiteElo "2204"]
[BlackElo "1655"]
[PlyCount "39"]
[EventDate "2018.11.22"]
[EventType "swiss"]
[EventRounds "7"]
[EventCountry "BRA"]
[SourceTitle "CBM 187 Extra"]
[Source "ChessBase"]
[SourceDate "2018.11.04"]
[SourceVersion "1"]
[SourceVersionDate "2018.11.04"]
[SourceQuality "1"]

1. d4 Nf6 2. c4 d6 3. Nc3 g6 4. e4 Bg7 5. f3 0-0 6. Bg5 Nbd7 7. Qd2 c6 8. Nge2 b6 9. g4 e5 10. d5 c5 11. Ng3 Re8 12. h4 Nf8 13. h5 Bd7 14. Bd3 Qc8 15. Bh6 Bxg4 16. Bxg7 Nxh5 17. Nxh5 Bxh5 18. Qh6 Qd8 19. Rxh5 gxh5 20. Bf6 1-0

[Event "Parana-ch"]
[Site "Curitiba"]
[Date "2018.11.22"]
[Round "1"]
[White "Gonzalez, Bolivar Ribeiro"]
[Black "Ramos, Beny Irwing Pankiew"]
[Result "1-0"]
[WhiteElo "2196"]
[BlackElo "1655"]
[PlyCount "63"]
[EventDate "2018.11.22"]
[EventType "swiss"]
[EventRounds "7"]
[EventCountry "BRA"]
[SourceTitle "CBM 187 Extra"]
[Source "ChessBase"]
[SourceDate "2018.11.04"]
[SourceVersion "1"]
[SourceVersionDate "2018.11.04"]
[SourceQuality "1"]

1. e4 c5 2. Nf3 d6 3. d4 cxd4 4. c3 Nc6 5. cxd4 a6 6. a4 e6 7. Nc3 Be7 8. Bd3 Nf6 9. 0-0 Nb4 10. Bb1 Qc7 11. Bf4 Nh5 12. Be3 b6 13. Qe2 Nf6 14. Rc1 Qb7 15. h3 0-0 16. Bd2 Re8 17. e5 Nfd5 18. Ne4 dxe5 19. dxe5 Rd8 20. Neg5 g6 21. Qe4 Kg7 22. h4 Bc5 23. h5 Ne7 24. Qh4 h6 25. Nxf7 g5 26. N7xg5 Bxf2+ 27. Kxf2 Nd3+ 28. Bxd3 Rxd3 29. Ne4 Nf5 30. Qf6+ Kg8 31. Qg6+ Qg7 32. Nf6+ 1-0

[Event "Blumenau STD op"]
[Site "Blumenau"]
[Date "2018.09.30"]
[Round "6"]
[White "Campagnolo, Bruna1111"]
[Black "Ramos, Beny Irwing Pankiew"]
[Result "0-1"]
[WhiteElo "1303"]
[BlackElo "1700"]
[PlyCount "106"]
[EventDate "2018.09.28"]
[EventType "swiss"]
[EventRounds "6"]
[EventCountry "BRA"]
[SourceTitle "EXT 2020"]
[Source "ChessBase"]
[SourceDate "2019.10.17"]
[SourceVersion "1"]
[SourceVersionDate "2019.10.17"]
[SourceQuality "1"]

1. e4 e6 2. Nf3 d5 3. exd5 Qxd5 4. Nc3 Qa5 5. d4 Nf6 6. Bc4 Bb4 7. Bd2 0-0 8. a3 Bxc3 9. Bxc3 Qb6 10. Bb4 Re8 11. 0-0 a5 12. Bc3 Bd7 13. Re1 Qc6 14. Qe2 Qd6 15. Rad1 Bc6 16. Ne5 Bd5 17. Bxd5 Qxd5 18. Ng4 Nbd7 19. Nxf6+ Nxf6 20. Qd3 b6 21. Re5 Qd8 22. Re3 Nd5 23. Rh3 h6 24. Bd2 Qf6 25. Rf3 Qh4 26. Rh3 Qf6 27. Rf3 Qg6 28. Qxg6 fxg6 29. Re1 Nf6 30. Bxh6 Rad8 31. c3 Rd5 32. Bf4 Rb5 33. Re2 c5 34. dxc5 Rxc5 35. Be3 Rd5 36. Re1 Rb5 37. b4 axb4 38. cxb4 Nd5 39. Rg3 Kf7 40. Rf3+ Nf6 41. Bd4 Ra8 42. Rc1 Ra7 43. Rc6 Rd5 44. Rd3 Rad7 45. Rxb6 Rxd4 46. Rxd4 Rxd4 47. h3 Nd5 48. Rb7+ Kf6 49. b5 Ra4 50. Rb8 Rxa3 51. b6 Rb3 52. b7 Kf7 53. Kf1 Nc7 0-1